Trouve la chanson sans indices - Statistiques

Statistiques générales
  • Ce quiz a été pris 203 fois
    157 depuis la dernière actualisation
  • Le résultat moyen est 122 sur 284
Statistiques - réponses
Réponse % Correct
à
93%
À
93%
a
93%
je
89%
Je
89%
la
85%
La
85%
le
84%
de
83%
un
81%
Un
81%
Ma
79%
Ô
76%
en
75%
elle
73%
Elle
73%
elle
73%
les
73%
me
72%
et
70%
est
67%
une
67%
ce
65%
pour
65%
Pour
65%
sa
64%
dans
59%
mon
58%
ne
58%
suis
58%
du
57%
moi
56%
pas
56%
qui
54%
Qui
54%
encore
53%
mes
52%
ses
52%
son
50%
c'est
49%
jour
48%
vous
48%
quoi
45%
sur
45%
Belle
44%
yeux
44%
qu'on
43%
Quand
42%
lui
41%
mot
41%
dirait
39%
foi
39%
J'ai
39%
Quel
39%
sous
39%
Sous
39%
l'homme
37%
danse
36%
homme
36%
inventé
36%
qu'elle
36%
sert
36%
rien
35%
cheveux
34%
être
34%
Notre-Dame
34%
d'Esméralda
33%
doigts
33%
fois
33%
celui
32%
prier
32%
robe
32%
terre
32%
Ciel
31%
fille
31%
Notre-Dame
31%
gitane
30%
Oh
30%
qu'une
30%
corps
29%
pierre
29%
posé
29%
sens
29%
Glisser
28%
joie
28%
Lucifer
28%
pieds
28%
première
28%
avoir
27%
Dieu
27%
s'est
27%
voir
27%
Alors
26%
jettera
26%
laisse-moi
26%
mérite
26%
regard
26%
aux
25%
Celle
25%
Celui-là
25%
d'être
25%
diable
25%
Esméralda
25%
oiseau
25%
péché
25%
tel
25%
vers
25%
désir
24%
met
24%
l'enfer
24%
mis
24%
porte
24%
ailes
23%
fleur
23%
grands
23%
originel
23%
s'envoler
23%
Avant
22%
étend
22%
éternel
22%
jardin
21%
s'ouvrir
21%
criminel
20%
désirer
20%
incarné
20%
sel
20%
charnel
19%
regarder
19%
changé
18%
demoiselle
18%
détourner
18%
dulcinée
18%
ensorcellent
18%
fait-il
18%
font
18%
genre
18%
humain
18%
infidèle
18%
J'irai
18%
m'empêcher
18%
noirs
18%
Pousser
18%
prenait
18%
Semble
18%
croix
17%
cueillir
17%
d'amour
17%
Est-ce
17%
jusqu'à
17%
mené
17%
pucelle
17%
serait-elle
17%
statue
17%
laissez-moi
16%
l'autel
16%
peine
16%
porter
16%
soudain
16%
couleurs
15%
d'elle
15%
détournerait
15%
Fleur-de-Lys
15%
merveilles
15%
jupon
14%
l'arc-en-ciel
14%
monts
14%
Malgré
13%
mouvements
13%
Aucun quiz correspondant
Distribution des résultats
% des personnes avec chaque résultat
Percentile par nombre de réponses
Votre historique - résultats
Vous n’avez pas pris ce quiz depuis la dernière actualisation